Geography Quiz

Random Geography or Asia Quiz

Asian Countries Letter Count Quiz Stats

 Plays Quiz Updated Feb 10, 2015

Challenge
Share
Tweet
Embed
Score 0/10 Timer 02:00
2 Plays Today
# of Letters Name a Country... % Correct
5 LettersChina, India, Japan, Nepal, Qatar, Syria, Yemen
99.2%
4 LettersIran, Iraq, Laos, Oman
94.8%
6 LettersBhutan, Brunei, Israel, Jordan, Kuwait, Russia, Taiwan, Turkey
90.5%
8 LettersCambodia, Malaysia, Maldives, Mongolia, Pakistan, Sri Lanka, Thailand
90.4%
10 LettersAzerbaijan, Bangladesh, Kazakhstan, Kyrgyzstan, North Korea, South Korea...
82%
7 LettersArmenia, Bahrain, Georgia, Lebanon, Myanmar, Vietnam
81.8%
11 LettersAfghanistan, Philippines, Saudi Arabia
71.2%
9 LettersIndonesia, Palestine, Singapore
66.6%
18 LettersUnited Arab Emirates
42.8%
12 LettersTurkmenistan
42.5%

You're not logged in!

Compare scores with friends on all Sporcle quizzes.
OR
Log In

You Might Also Like...

Show Comments

Extras

Top Quizzes Today


Score Distribution

Your Account Isn't Verified!

In order to create a playlist on Sporcle, you need to verify the email address you used during registration. Go to your Sporcle Settings to finish the process.

Report this User

Report this user for behavior that violates our Community Guidelines.

Details: